1548 1338 1378 1707 1432 1090 1388 1860 1494 1842 1043 1070 1691 1387 1988 1591 1492 1923 1577 1268 1346 1701 1445 1592 1785 1462 1345 1971 1837 1967 1283 1358 1486 1645 1911 1071 1272 1992 1332 1657 1016 1945 1651 1398 1273 1311 1922 1330 1951 1471 1889 1118 1314 1878 1693 1764 1653 1071 1624 1791 1834 1453 1771 1163 1759 1582 1176 1807 1811 1137 1218 1212 1611 1174 1753 1132 1065 1341 1368 1557 1139 1774 1840 1807 1264 1152 1846 1354 1650 1692 1493 1990 1409 1395 1836 1905 1090 1290 1258 BCNSPRNW ULIB Ver.6.0+V

เปลี่ยนเป็นภาษาไทย

Change to English
 แสดงรายละเอียดบรรณานุกรม
  กลับหน้าหลัก

Brief Record : Get Marc (ISO 2709) : E-mail record : QR code < ปิดหน้าต่าง
LEADER : 00000nam 2200000uu 4500
001    13399122778
003     ULIB
008    130923s2552||||th 000 0 tha d
020    ^a9789742887384
050 04 ^aK3400^bน424ห
100 0  ^aนันทวัฒน์ บรมานันท์.
245 1  ^aหลักกฎหมายปกครองเกี่ยวกับบริการสาธารณะ/^cนันทวัฒน์ บรมานันนท์.
250    ^aพิมพ์ครั้งที่ 4.
260    ^aกรุงเทพฯ :^bวิญญูชน,^c2552.
300    ^a342 หน้า :^c26 ซม.
650  7 ^aบริการสาธารณะ^xกฎหมายและระเบียบข้อบังคับ.
650  7 ^aกฎหมายปกครอง.
650  7 ^aบริการสาธารณะ.
710  2 ^aจุฬาลงกรณ์มหาวิทยาลัย.^bภาควิชากฎหมายแพ่งและพาณิชย์.
850    ^aวิทยาลัยการบริหารรัฐกิจ.
945    ^p300^l0^i033998
945    ^p300^l0^i033999
999    ^aเกษร โพธิ์สุวรรณ
รายการนี้ยังไม่มีแท็ก
คุณยังไม่ได้ล็อกอิน คุณสามารถมีกิจกรรมร่วมกับเว็บไซต์ได้ แต่ต้องล็อกอินก่อน ::
  ล็อกอิน

รายการสื่อสารสนเทศ

ลำดับที่ ประเภท เลขเรียก/บาร์โค้ด สถานที่ สถานะ
1. การศึกษาทั่วไป
หนังสือสำรอง
สถานะ=หนังสือสำรอง
K3400 น424ห ฉ.1 
  Barcode: 033998
ห้องสมุดวิทยาเขตสวรรค์ประชารักษ์
►หนังสือทั่วไป
บนชั้น
2. การศึกษาทั่วไป
การศึกษาทั่วไป
K3400 น424ห ฉ.2 
  Barcode: 033999
ห้องสมุดวิทยาเขตสวรรค์ประชารักษ์
►หนังสือทั่วไป
บนชั้น

รายการใกล้เคียง
    ผู้แต่ง [นันทวัฒน์ บรมานันท์.]

    หัวเรื่อง [กฎหมายปกครอง.]
    หัวเรื่อง [บริการสาธารณะ.]

BibComment


ยังไม่เคยถูกคอมเมนท์

คอมเมนท์ทรัพยากรรายการนี้
  คอมเมนท์: หลักกฎหมายปกครอง..


 Copyright 2026. Bcnsprnw @Library